Tratado de derecho civil argentino : (Registro nro. 64994)
[ vista simple ]
| 000 - Líder | |
|---|---|
| Campo de control de longitud fija | 00756nam a22002417a 4500 |
| 003 - Identificador de número de control | |
| Campo de control | OSt |
| 005 - Fecha y hora de la última transacción | |
| Campo de control | 20260528090716.0 |
| 008 - Elementos de datos de longitud fija - Información general | |
| Campo de control de longitud fija | 260528b ar ||||| |||| 00| 0 spa d |
| 040 ## - Fuente de catalogación | |
| Agencia de catalogación | HCSPBA |
| 041 ## - Código de idioma | |
| Idioma | Español |
| 942 ## - Elementos de entrada adicional | |
| Tipo de ítem | LIBROS |
| 100 ## - Autor | |
| Nombre personal | Salvat, Raymundo M. |
| 245 ## - Título propiamente dicho | |
| Título | Tratado de derecho civil argentino : |
| Resto del título | Obligaciones en general. |
| 250 ## - Mención de edición | |
| Mención de edición | 2a. ed. corr. y aum. |
| 260 ## - Publicación, Distribución, etc. | |
| Lugar de publicación, distribución, etc. | Buenos Aires. |
| Fecha de publicación, distribución, etc. | 1928. |
| Nombre del editor, distribuidor, etc. | Jesús Menéndez. |
| 300 ## - Descripción física | |
| Extensión | v. |
| 505 ## - Nota de contenido formateado | |
| Nota de contenido/Índice | Indice |
| 505 ## - Nota de contenido formateado | |
| Nota de contenido/Índice | Parte I. Formación, efectos y diversas clases de obligaciones |
| 505 ## - Nota de contenido formateado | |
| Nota de contenido/Índice | Parte II. Extinción de las obligaciones |
| 505 ## - Nota de contenido formateado | |
| Nota de contenido/Índice | Parte III. Transmisión de las obligaciones |
| 505 ## - Nota de contenido formateado | |
| Nota de contenido/Índice | Parte IV. Leyes que rigen las obligaciones |
| 650 ## - Asunto - Temas | |
| Tema | DERECHO CIVIL |
| 999 ## - | |
| -- | 64994 |
| -- | 134463 |
| Biblioteca depositaria | Tipo de ítem | Colección | Signatura topográfica | Código de barra | Préstamo - Restricciones | Fecha de adquisición |
|---|---|---|---|---|---|---|
| Biblioteca Legislativa y Pública "Eva Perón" | LIBROS | Fondo general | 1478 | LEG-LIB-032363 | Sala de lectura | 28.05.2026 |